000 00750nam a22002177a 4500
999 _c62447
_d62447
005 20241105112923.0
008 241105s2023 en ||||| |||| 00| 0 eng d
020 _a9789356963269 X
041 _aeng
080 _a612S-46
100 _aSEMBULINGAM, K
_98336
245 _a REVIEW OF MEDICAL PHYSIOLOGY /
_cK. SEMBULINGAM, PREMA SEMBULINGAM.
250 _a4 th Edition
264 _aNEW Delhi/ London:
_bJaypee Brothers Medical Publishers,
_c2023.
300 _a205 p.:
_bill,
_c26 cm.
653 _aREVIEW OF MEDICAL PHYSIOLOGY
653 _aსამედიცინო ფიზიოლოგიის მიმოხილვა
653 _aმედიცინა
700 _aSEMBULINGAM, PREMA
_eAuthor
_923622
942 _2udc
_cBK